| 000 | 00825cam a22002651 4500 | ||
|---|---|---|---|
| 001 | 2700816 | ||
| 003 | OSt | ||
| 005 | 20140310181622.0 | ||
| 008 | 730213s1955 nyua 000 0 eng | ||
| 010 | _a 55011331 /L/r863 | ||
| 035 | _a(OCoLC)ocm00916377 | ||
| 040 |
_aDLC _cDLC _dZCU |
||
| 050 | 0 |
_aBT 382 _b.G738 1968 |
|
| 082 |
_aHS 158 _bGra76 1955 |
||
| 100 | 1 |
_aGraham, Billy, _d1918- _99950 |
|
| 245 | 1 | 4 |
_aThe secret of happiness : _bJesus' teaching on happiness as expressed in the Beatitudes./ _cBilly Graham. |
| 250 | _a[1st ed.] | ||
| 260 |
_aGarden City, N.Y., _bDoubleday, _cc1968. |
||
| 300 |
_a117 p. : _bill. ; _c22 cm. |
||
| 630 | 0 | 0 |
_aBeatitudes _xCriticism, interpretation, etc. _99951 |
| 650 | 0 |
_aHappiness _xReligious aspects _xChristianity. _99952 |
|
| 942 |
_2lcc _cHS |
||
| 999 |
_c175 _d175 |
||